Filmy, w których grała Selena Gomez - Statystyki

Ogólne statystyki
  • Ten quiz został rozwiązany 22 razy
  • Średni wynik to 4 z 7
Statystyki odpowiedzi
Hint Odpowiedź % Poprawnych
Kiedy kraj młodej księżniczki zostaje zaatakowany, dziewczyna ucieka do innego miasta, gdzie udaje normalną nastolatkę. Program ochrony księżniczek
95%
Młoda dziewczyna wyrusza wraz z przyjaciółką w wymarzoną podróż do Paryża. Monte Carlo
79%
Wypowiada zaklęcie, które odwołuje pierwsze spotkanie jej rodziców, co stawia istnienie rodziny pod znakiem zapytania. Czarodzieje z Waverly Place: Film
58%
Selena Gomez w roli współczesnego Kopciuszka Kopciuszek: Roztańczona historia
58%
Ciąg imprez sprowadzi cztery ślicznotki w bikini i w kominiarkach, na drogę bezprawia i totalnej rozpusty. Spring Breakers
37%
Mężczyzna po wielu życiowych zakrętach spotyka młodego chłopaka chorego na dystrofię mięśniową. Opiekun
26%
Urokliwa komedia opowiadająca o dojrzewaniu, która powstała na podstawie bestsellerów Beverly Cleary Ramona i Beezus
21%
Nie znaleziono quizów pasujących do podanych kryteriów
Rozkład punktacji
Procent ludzi z każdym wynikiem
Percentyl według liczby udzielonych odpowiedzi
Twoja historia wyników
Nie rozwiązałeś tego quizu